000 00715nam a22002057a 4500
005 20180327141841.0
010 _aENG-122417
020 _c1050.00
_a9789352800117
035 _aEN-105949
037 _bDBAD/PUB
082 _a382.911823
245 _aTrans-peacific partnership agreement:
_ced. by Abhijit Das [and] Shailja Singh
_bA framework for future trade rules? /
260 _aNew Delhi
_bSage Publications India Pvt. Ltd.
_c2018
270 _bNew Delhi
_e110044
_aB1/I-1 Mohan Cooperative Industrial Area, Mathura Road,
300 _a340p.
_c23cm.(Hb)
_bill.
500 _aIncluding index
700 _dAbhijit Das
700 _dSingh, Shailja
942 _2ddc
_cEN
_mTRA
_h382.911823
999 _c150581
_d150581